Justin Trudeau Premiership - Statistics

General Stats
  • This quiz has been taken 12 times
    2 since last reset
  • The average score is 14 of 15
Answer Stats
Hint Answer % Correct
Scandal in 2019 for painting his face Blackface
100%
Drug legalized by Trudeau in 2018 Cannabis/Weed
100%
Trudeau's most infamous Minister of Finance from 2020-2024 Chrystia Freeland
100%
US president Trudeau often worked with Donald Trump
100%
Trudeau visited which country after the death of a diplomat which may have been done by this gouvernement India
100%
Party of Justin Trudeau Liberal
100%
Prime minister after Trudeau Mark Carney
100%
Party he coalitioned with since 2019 NDP
100%
Justin Trudeau's dad who has also Prime Minister Pierre Trudeau
100%
Prime minister before Trudeau Stephen Harper
100%
This president threatened 25% what on Canada as of 2025 Tariffs
100%
Job before Prime Minister Teacher
100%
Controversial Tax Trudeau introduced to reduce emmissions Carbon Tax
50%
During the pandemic Trudeau said he was Speaking Moistly
50%
Trudeau helped install what free medical programs with the NDP in his last term Pharmacare/ Dental Care
50%
No matching quizzes found
Score Distribution
Percent of People with Each Score
Percentile by Number Answered
Your Score History
You have not taken this quiz since the last reset